00527nam a2200193Ia 4500003000900000008004100009040001300050040001300063041000800076100001900084245001200103250001100115260001400126260000900140300001000149490002700159490000700186600014000193IT-RoPAU120407s9999 xx 000 0 und d aIT-RoPAU cIT-RoPAU aita aWalter Burkert aI Greci aMilano aJaca Book c1984 c24 cm aStoria delle religioni v18 a"1° v. Preistoria, epoca minoico-micenea, secoli bui. (sino al sec. IX) pagg.175 2° v. Età arcaica, età classica. (Sec. IX - IV)"